000 02814cam a2200265 4500500
005 20260208005205.0
041 _afre
042 _adc
100 1 0 _aIngham, Richard
_eauthor
245 0 0 _aAnglo-Norman and the ‘plural history' of French: the connectives pourtant and à cause que
260 _c2011.
500 _a9
520 _aRésuméLes textes administratifs et autres ressources documentaires incorporés dans trois corpus électroniques d’anglo-normand rendus disponibles récemment permettent une perspective nouvelle sur la variation en français d’avant l’ère moderne. Ils sont capables de nous renseigner sur des aspects importants, diatopiques ainsi que diaphasiques, de la variation en diachronie. Grâce à ces nouvelles ressources, on arrive à rendre compte de l’évolution des tendances sémantico-pragmatiques du lexique français de façon plus complète qu’en suivant les approches traditionnelles qui privilégiaient le développement du francien et du français standard. Il est démontré dans cette étude que les connecteurs pourtant et à cause que pouvaient s’employer en anglo-normand avec leurs valeurs modernes bien avant les dates proposées par les dictionnaires historiques de référence. Les citations nombreuses relevées dans les textes anglo-normands du XIVe siècle offrent ainsi la possibilité de découvrir les débuts des évolutions en sémantique lexicale du français post-médiéval.
520 _aLocalised and dated administrative documents and other such textual resources in three Anglo-Norman electronic corpora provide a new perspective on variation in pre-modern French. They may offer insights into important aspects of spatial and register variation across time. These new resources allow a better-informed picture of semantic-pragmatic changes in the history of French to be obtained than is available in traditional approaches favouring the development of francien and standard French. It is shown here that the the connectives pourtant et à cause que appear in Anglo-Norman with their present-day meanings well before the dates proposed in historical reference dictionaries. Frequent data occurrences available from Anglo-Norman texts of the XIVth century will facilitate the investigation of the beginnings of semantic changes in post-medieval French lexis.
690 _aAnglo-Normand
690 _achangement sémantique
690 _aconnecteurs
690 _aregistre
690 _aAnglo-Norman
690 _aconnectives
690 _aregister
690 _asemantic change
786 0 _nRevue française de linguistique appliquée | XVI | 2 | 2011-12-01 | p. 107-119 | 1386-1204
856 4 1 _uhttps://shs.cairn.info/revue-francaise-de-linguistique-appliquee-2011-2-page-107?lang=en&redirect-ssocas=7080
999 _c1650932
_d1650932